Southville International School and Colleges
Your cart is empty.
  • Cart
  • Lists
    Public lists Eva Luna New books Lux_list list_1
    Your lists Log in to create your own lists
  • Log in to your account
  • Your cookies
  • Search history
Southville International School and Colleges
  • Advanced search
  • Recent comments
  • Most popular
  • Libraries

Log in to your account

Log in with GOOGLE


If you do not have an external account, but do have a local account, you can still log in:

  1. Home
  2. MARC view: Crystals & crystal healing :
Normal view MARC view ISBD view

Crystals & crystal healing : (Record no. 357682)

[ view plain ]
MARC details
000 -LEADER
fixed length control field 00808nam a2200265Ia 4500
008 - FIXED-LENGTH DATA ELEMENTS--GENERAL INFORMATION
fixed length control field 180523s9999 xx 000 0 und d
020 ## - INTERNATIONAL STANDARD BOOK NUMBER
International Standard Book Number 978-1-84476-316-0
050 ## - LIBRARY OF CONGRESS CALL NUMBER
Classification number MAIN RX 560
050 ## - LIBRARY OF CONGRESS CALL NUMBER
Item number .L55 2006
100 ## - MAIN ENTRY--PERSONAL NAME
Personal name Lilly, Simon
245 #0 - TITLE STATEMENT
Title Crystals & crystal healing :
245 #0 - TITLE STATEMENT
Remainder of title harnessing the unique power of crystals and gemstones for health and inner harmony with over 200 beautiful photographs /
245 #0 - TITLE STATEMENT
Statement of responsibility, etc Simon Lilly.
260 ## - PUBLICATION, DISTRIBUTION, ETC. (IMPRINT)
Place of publication, distribution, etc London :
260 ## - PUBLICATION, DISTRIBUTION, ETC. (IMPRINT)
Name of publisher, distributor, etc Southwater,
260 ## - PUBLICATION, DISTRIBUTION, ETC. (IMPRINT)
Date of publication, distribution, etc 2006
300 ## - PHYSICAL DESCRIPTION
Extent 64 pages :
300 ## - PHYSICAL DESCRIPTION
Other physical details colored illustrations ;
300 ## - PHYSICAL DESCRIPTION
Dimensions 20 cm.
500 ## - GENERAL NOTE
General note Includes index.
650 ## - SUBJECT ADDED ENTRY--TOPICAL TERM
Topical term or geographic name as entry element Crystals - Health aspects.
650 ## - SUBJECT ADDED ENTRY--TOPICAL TERM
Topical term or geographic name as entry element Healing -- Miscellenea.
650 ## - SUBJECT ADDED ENTRY--TOPICAL TERM
General subdivision Crystals -- Psychic aspects.
650 ## - SUBJECT ADDED ENTRY--TOPICAL TERM
General subdivision Crystlas -- Therapeutic use.
Holdings
Withdrawn status Lost status Damaged status Home library Current library Shelving location Date acquired Cost, normal purchase price Total Checkouts Full call number Barcode Date last seen Price effective from Koha item type
      South Mansfield College South Mansfield College   01/31/2007 539.00   MAIN RX 560 .L55 2006 SMC03835 05/23/2018 05/23/2018  

Crystals & crystal healing :

APA

Lilly S., .Crystals & crystal healing. London: .

Chicago

Lilly Simon, .Crystals & crystal healing. London: .

Harvard

Lilly S., .Crystals & crystal healing. London: .

MLA

Lilly Simon, .London: . .

  • Place hold
  • Print
  • Cite
  • Add to your cart (remove)
  • Save record
    BIBTEX Dublin Core MARCXML MARC (non-Unicode/MARC-8) MARC (Unicode/UTF-8) MARC (Unicode/UTF-8, Standard) MODS (XML) RIS
  • More searches
    Search for this title in:
    Other Libraries (WorldCat) Other Databases (Google Scholar) Online Stores (Bookfinder.com) Open Library (openlibrary.org)

Exporting to Dublin Core...

SOUTHVILLE LIBRARY

Southville International School and Colleges Library

1281 Tropical Ave. Cor. Luxembourg St., BF Homes International, Las Pinas City

Tel. No. 8256374 / 252358 Loc. 117/146

Powered by Koha